Gandhi @ 150 (Record no. 288979)
[ view plain ]
| 000 -LEADER | |
|---|---|
| fixed length control field | 00384nam a2200157Ia 4500 |
| 005 - DATE AND TIME OF LATEST TRANSACTION | |
| control field | 20240621143851.0 |
| 008 - FIXED-LENGTH DATA ELEMENTS--GENERAL INFORMATION | |
| fixed length control field | 240126s9999 xx 000 0 und d |
| 020 ## - INTERNATIONAL STANDARD BOOK NUMBER | |
| International Standard Book Number | 9789388423656 |
| 082 ## - DEWEY DECIMAL CLASSIFICATION NUMBER | |
| Classification number | 923.2 WEL;1 R |
| 100 ## - MAIN ENTRY--PERSONAL NAME | |
| Personal name | Welukar, Rajan. |
| 245 #0 - TITLE STATEMENT | |
| Title | Gandhi @ 150 |
| 260 ## - PUBLICATION, DISTRIBUTION, ETC. (IMPRINT) | |
| Name of publisher, distributor, etc. | Jaico Publishing House |
| Place of publication, distribution, etc. | Ahmedabad |
| Date of publication, distribution, etc. | 2019 |
| 300 ## - PHYSICAL DESCRIPTION | |
| Extent | xxiv, 261 |
| 440 ## - SERIES STATEMENT/ADDED ENTRY--TITLE | |
| Title | NULL |
| 942 ## - ADDED ENTRY ELEMENTS (KOHA) | |
| Koha item type | PESU Books |
| Date last seen | Total Checkouts | Full call number | Accession number | Volume/Issue Number | Cost, replacement price | Price effective from | Category | Public note | Lost status | Damaged status | Department | Withdrawn status | bill no. | Permanent Location | Current Location | Shelving location | Entry date | Vendor | Cost, normal purchase price | Grants | Currency symbol | Conversion rate | Discount | Discount type | Checked out | Date checked out |
|---|---|---|---|---|---|---|---|---|---|---|---|---|---|---|---|---|---|---|---|---|---|---|---|---|---|---|
| 26/01/2024 | 923.2 WEL;1 R | PU10751 | (11/07/1905) | 299.25 | 26/01/2024 | PESU Books | Gandhi Books | Central Library | 648 | Central Library | Central Library | Central Library | 15/10/2019 | Surya Book Supplier | 399.00 | GEN | RS | 1 | 25 | Percentage | ||||||
| 26/01/2024 | 923.2 WEL;2 R1 | PU10752 | (11/07/1905) | 299.25 | 26/01/2024 | PESU Books | Gandhi Books | Central Library | 648 | Central Library | Central Library | Central Library | 15/10/2019 | Surya Book Supplier | 399.00 | GEN | RS | 1 | 25 | Percentage | ||||||
| 02/04/2024 | 1 | 923.2 WEL;3 | PU10753 | (11/07/1905) | 299.25 | 26/01/2024 | PESU Books | Gandhi Books | Central Library | 648 | Central Library | Central Library | Central Library | 15/10/2019 | Surya Book Supplier | 399.00 | GEN | RS | 1 | 25 | Percentage | 12/10/2020 | 02/04/2024 |
